Les 200 plus grandes villes de France en Île de France - Statistiques

Statistiques générales
  • Ce quiz a été pris 809 fois
  • Le résultat moyen est 35 sur 64
Statistiques - réponses
Ville
Population
(en milliers)
% Correct
1 Paris 2 265
99%
35 Saint Denis 112
90%
30 Boulogne Billancourt 121
83%
45 Nanterre 96
83%
47 Créteil 93
81%
56 Versailles 84
81%
78 Évry 66
79%
85 Ivry sur Seine 63
77%
38 Argenteuil 111
76%
50 Aubervilliers 88
74%
37 Montreuil 111
74%
80 Cergy 65
73%
94 Neuilly sur Seine 59
70%
182 Melun 40
68%
46 Vitry sur Seine 95
68%
52 Aulnay sous Bois 86
66%
75 Issy les Moulineaux 67
66%
95 Sarcelles 59
66%
112 Bobigny 54
65%
53 Colombes 86
64%
51 Asnières sur Seine 87
63%
87 Clichy la Garenne 63
63%
103 Meaux 55
63%
79 Levallois Perret 66
62%
57 Courbevoie 81
58%
162 Mantes la Jolie 43
58%
126 Saint Ouen sur Seine 50
58%
89 Antony 62
57%
60 Rueil Malmaison 78
57%
76 Noisy le Grand 67
56%
93 Pantin 59
55%
70 Drancy 72
54%
129 Vincennes 49
54%
124 Sevran 51
52%
63 Champigny sur Marne 76
51%
135 Gennevilliers 48
51%
110 Bondy 54
50%
156 La Courneuve 45
50%
154 Puteaux 45
50%
158 Saint Germain en Laye 44
49%
127 Massy 50
47%
105 Villejuif 55
47%
66 Saint Maur des Fossés 74
46%
118 Clamart 52
45%
137 Montrouge 46
45%
125 Corbeil Essonne 51
43%
122 Fontenay sous Bois 52
40%
194 Poissy 39
40%
109 Épinay sur Seine 54
39%
106 Chelles 55
38%
98 Le Blanc Mesnil 57
38%
151 Meudon 45
38%
180 Bagneux 40
37%
120 Sartrouville 52
37%
131 Suresnes 49
37%
159 Alfortville 44
36%
148 Choisy le Roi 46
34%
149 Rosny sous Bois 46
34%
168 Garges lès Gonesse 43
33%
102 Maisons Alfort 56
32%
198 Stains 38
30%
191 Gagny 39
24%
160 Noisy le Sec 44
17%
152 Livry Gargan 45
13%
Aucun quiz correspondant
Distribution des résultats
% des personnes avec chaque résultat
Percentile par nombre de réponses
Votre historique - résultats
Vous n’avez pas pris ce quiz